Mapping of a Situation of the Social and Solidarity Economy (SSE) in the Slovak Republic

Salvato in:
Dettagli Bibliografici
Autore principale: Gajdová, Denisa, 1977-
Altri autori: Dubcová, Gabriela, 1968-, Kissová, Jana, 1979-
Natura: Capitolo di libro
Lingua:inglese
Tags: Aggiungi Tag
Nessun Tag, puoi essere il primo ad aggiungerne!!

MARC

LEADER 00000nla a2200000 4500
001 0216311
005 20240502083542.9
041 0 |a eng 
044 |a ES 
245 1 0 |a Mapping of a Situation of the Social and Solidarity Economy (SSE) in the Slovak Republic  |c Denisa Gajdová, Gabriela Dubcová, Jana Kissová 
500 |a Abstrakt 
100 1 |a Gajdová, Denisa, 1977- 
700 1 |a Dubcová, Gabriela, 1968- 
700 1 |a Kissová, Jana, 1979-